Central Library OPAC University of Rajshahi

Developments in applied spectroscopy : (Record no. 68377)

MARC details
000 -LEADER
fixed length control field 00854nam a2200241 a 4500
001 - CONTROL NUMBER
control field 68377
003 - CONTROL NUMBER IDENTIFIER
rucl marc code BD-RjUL
005 - DATE AND TIME OF LATEST TRANSACTION
control field 20211209081749.0
008 - FIXED-LENGTH DATA ELEMENTS--GENERAL INFORMATION
fixed length control field 170402s1963 nyua|||| |||| 00| 0 eng d
035 ## - SYSTEM CONTROL NUMBER
System control number (BD-RjUL)68587
040 ## - CATALOGING SOURCE
Original cataloging agency BD-RjUL
Language of cataloging eng
Transcribing agency BD-RjUL
041 ## - LANGUAGE CODE
Language code of text/sound track or separate title eng
082 ## - DEWEY DECIMAL CLASSIFICATION NUMBER
Edition number 23
Classification number 535
Author mark and year DEV 1963
245 0# - TITLE STATEMENT
Title Developments in applied spectroscopy :
Remainder of title proceedings of the Thirteenth Annual Symposium on Spectroscopy, held in Chicago, Illinois, April 30-May 3, 1962 /
Statement of responsibility, etc. edited by John R Ferraro & J S Ziomek
260 ## - PUBLICATION, DISTRIBUTION, ETC. (IMPRINT)
Place of publication, distribution, etc. New York :
Name of publisher, distributor, etc. Plenum press,
Date of publication, distribution, etc. c1963.
300 ## - PHYSICAL DESCRIPTION
Pagination v. :
Illustrations ill. ;
Size 24 cm.
490 0# - SERIES STATEMENT
Series statement A publication of the society for applied spectroscopy, Chicago section
505 ## - FORMATTED CONTENTS NOTE
Formatted contents note Vol.2---
650 ## - SUBJECT ADDED ENTRY--TOPICAL TERM
Topical term or geographic name as entry element Spectrum analysis
9 (RLIN) 202721
700 ## - ADDED ENTRY--PERSONAL NAME
Personal name Ferraro, John R.
Personal name Ziomek, J. S.
942 ## - ADDED ENTRY ELEMENTS (KOHA)
Source of classification or shelving scheme Dewey Decimal Classification
Koha item type Books
Holdings
Lost status Source of classification or shelving scheme Damaged status Not for loan Collection code Permanent Location Current Location Shelving location Date acquired Source of acquisition Cost, normal purchase price Total Checkouts Full call number Date last seen Copy number Koha item type
  Dewey Decimal Classification   Not For Loan Non-fiction Central Library, University of Rajshahi Central Library, University of Rajshahi Reading Room 30/12/1963 Zeitlinger 100.00   535 DEV V-2 1963 02/04/2017 C-1 Books